000 00541nam a2200181Ia 4500
008 240729s9999 xx 000 0 und d
022 _a2053-4213
245 0 _aEuropean Medical Journal Urology
260 _aUnited Kingdom
260 _bEuropean Medical Journal
650 _a Diseases of the genitourinary system. Urology
650 _a Internal medicine
650 _a Specialties of internal medicine
650 _aMedicine
856 _uhttps://doaj.org/toc/edf870013b78489e803c9b3414ecd1e5
942 _2ddc
942 _cDOAJEJ
999 _c66308
_d66308
945 _a1
_bMadushi Gamage
_c1
_dMadushi Gamage